<?xml version="1.0" encoding="UTF-8"?><?xml-stylesheet type="text/xsl" href="static/style.xsl"?><OAI-PMH xmlns="http://www.openarchives.org/OAI/2.0/" xmlns:xsi="http://www.w3.org/2001/XMLSchema-instance" xsi:schemaLocation="http://www.openarchives.org/OAI/2.0/ http://www.openarchives.org/OAI/2.0/OAI-PMH.xsd"><responseDate>2026-04-27T21:34:53Z</responseDate><request verb="GetRecord" identifier="oai:uvadoc.uva.es:10324/82103" metadataPrefix="marc">https://uvadoc.uva.es/oai/request</request><GetRecord><record><header><identifier>oai:uvadoc.uva.es:10324/82103</identifier><datestamp>2026-01-27T09:00:12Z</datestamp><setSpec>com_10324_1167</setSpec><setSpec>com_10324_931</setSpec><setSpec>com_10324_894</setSpec><setSpec>col_10324_1238</setSpec></header><metadata><record xmlns="http://www.loc.gov/MARC21/slim" xmlns:doc="http://www.lyncode.com/xoai" xmlns:xsi="http://www.w3.org/2001/XMLSchema-instance" xmlns:dcterms="http://purl.org/dc/terms/" xsi:schemaLocation="http://www.loc.gov/MARC21/slim http://www.loc.gov/standards/marcxml/schema/MARC21slim.xsd">
<leader>00925njm 22002777a 4500</leader>
<datafield tag="042" ind1=" " ind2=" ">
<subfield code="a">dc</subfield>
</datafield>
<datafield tag="720" ind1=" " ind2=" ">
<subfield code="a">Pelaez Rodríguez, César</subfield>
<subfield code="e">author</subfield>
</datafield>
<datafield tag="720" ind1=" " ind2=" ">
<subfield code="a">Magdaleno González, Álvaro</subfield>
<subfield code="e">author</subfield>
</datafield>
<datafield tag="720" ind1=" " ind2=" ">
<subfield code="a">García Terán, José María</subfield>
<subfield code="e">author</subfield>
</datafield>
<datafield tag="720" ind1=" " ind2=" ">
<subfield code="a">Pérez-Aracil, Jorge</subfield>
<subfield code="e">author</subfield>
</datafield>
<datafield tag="720" ind1=" " ind2=" ">
<subfield code="a">Salcedo-Sanz, Sancho</subfield>
<subfield code="e">author</subfield>
</datafield>
<datafield tag="720" ind1=" " ind2=" ">
<subfield code="a">Lorenzana Ibán, Antolín</subfield>
<subfield code="e">author</subfield>
</datafield>
<datafield tag="260" ind1=" " ind2=" ">
<subfield code="c">2024</subfield>
</datafield>
<datafield tag="520" ind1=" " ind2=" ">
<subfield code="a">Human-induced force analysis plays an important role across a wide range of disciplines, including&#xd;
biomechanics, sport engineering, health monitoring or structural engineering. Specifically,&#xd;
this paper focuses on the replication of ground reaction forces (GRF) generated by humans during&#xd;
movement. They can provide critical information about human-mechanics and be used to&#xd;
optimize athletic performance, prevent and rehabilitate injuries and assess structural vibrations&#xd;
in engineering applications. It is presented an experimental approach that uses an electrodynamic&#xd;
shaker (APS 400) to replicate GRFs generated by humans during movement, with a high degree&#xd;
of accuracy. Successful force reconstruction implies a high fidelity in signal reproduction with&#xd;
the electrodynamic shaker, which leads to an inverse problem, where a reference signal must be&#xd;
replicated with a nonlinear and non-invertible system. The solution presented in this paper relies&#xd;
on the development of an iterative neural network and an inversion-free approach, which aims to&#xd;
generate the most effective drive signal that minimizes the error between the experimental force&#xd;
signal exerted by the shaker and the reference. After the optimization process, the weights of the&#xd;
neural network are updated to make the shaker behave as desired, achieving excellent results in&#xd;
both time and frequency domains.</subfield>
</datafield>
<datafield tag="024" ind2=" " ind1="8">
<subfield code="a">Heliyon, Junio, 2025</subfield>
</datafield>
<datafield tag="024" ind2=" " ind1="8">
<subfield code="a">2405-8440</subfield>
</datafield>
<datafield tag="024" ind2=" " ind1="8">
<subfield code="a">https://uvadoc.uva.es/handle/10324/82103</subfield>
</datafield>
<datafield tag="024" ind2=" " ind1="8">
<subfield code="a">10.1016/j.heliyon.2024.e32858</subfield>
</datafield>
<datafield tag="024" ind2=" " ind1="8">
<subfield code="a">e32858</subfield>
</datafield>
<datafield tag="024" ind2=" " ind1="8">
<subfield code="a">12</subfield>
</datafield>
<datafield tag="024" ind2=" " ind1="8">
<subfield code="a">Heliyon</subfield>
</datafield>
<datafield tag="024" ind2=" " ind1="8">
<subfield code="a">10</subfield>
</datafield>
<datafield tag="245" ind1="0" ind2="0">
<subfield code="a">An iterative neural network approach applied to human-induced force reconstruction using a non-linear electrodynamic shaker</subfield>
</datafield>
</record></metadata></record></GetRecord></OAI-PMH>